000 00660nam a2200241Ia 4500
005 20260121112310.0
008 4875 260114s9999 xx 000 0 eng d
020 _a9789814436403
037 _aEBOOK
040 _aCRL
_beng
_cCRL
041 _aeng
_2eng
084 _qCRL
100 _aMyers Stephen & Bruning Oliver
_9955373
245 0 _aChallenges and Goals for Accelerators in the Xxi Century
260 _bWorld Scientific
260 _bWSPC
260 _c2016
650 _aPhysics
_9955374
856 _uhttps://www.worldscientific.com/worldscibooks/10.1142/8635#t=toc
942 _cEBOOK
999 _c1542175
_d1542175